| Tag |
First Indicator |
Second Indicator |
Subfields |
| LEADER |
00000cam a2200000 4500 |
| 001 |
in00000045977 |
| 005 |
20151007065247.0 |
| 008 |
750430s1955 nyu 00000 eng u |
| 010 |
|
|
|a 55006388
|
| 035 |
|
|
|a (OCoLC)01306933
|
| 035 |
|
|
|9 AAE1628AM
|
| 040 |
|
|
|c YNG
|d TXA
|d UtOrBLW
|
| 049 |
|
|
|a TXAM
|c 1 [250118]
|c 2 [423557]
|
| 050 |
|
0 |
|a QC243
|b .H83
|
| 082 |
0 |
|
|a 534
|
| 092 |
|
|
|a 534
|b H888s
|
| 100 |
1 |
|
|a Hueter, Theodor F.
|
| 245 |
1 |
0 |
|a Sonics ;
|b techniques for the use of sound and ultrasound in engineering and science /
|c [by] Theodor F. Hueter [and] Richard H. Bolt.
|
| 264 |
|
1 |
|a New York :
|b Wiley,
|c [1955]
|
| 264 |
|
4 |
|c [©1955]
|
| 300 |
|
|
|a 456 pages :
|b illustrations ;
|c 24 cm.
|
| 336 |
|
|
|a text
|b txt
|2 rdacontent
|
| 337 |
|
|
|a unmediated
|b n
|2 rdamedia
|
| 338 |
|
|
|a volume
|b nc
|2 rdacarrier
|
| 650 |
|
0 |
|a Sound-waves.
|
| 700 |
1 |
|
|a Bolt, Richard H.
|
| 999 |
|
|
|a MARS
|
| 999 |
f |
f |
|s ee0d2563-a91d-32c8-a1b2-312eff2ae29d
|i 5ceef42e-ef73-3fd1-86ec-52118c2191b1
|t 0
|
| 952 |
f |
f |
|p ric
|a Texas A&M University
|b Rellis Campus
|c Joint Library Facility
|d Remote Storage
|t 0
|e QC243 .H83
|h Library of Congress classification
|i unmediated -- volume
|m A14800915684
|
| 998 |
f |
f |
|a QC243 .H83
|t 0
|l Remote Storage
|